[Event "Hum na Sutli op 11th"]
[Site "Hum na Sutli"]
[Date "2017.09.02"]
[Round "9"]
[White "Polajzer, Danilo"]
[Black "Kubale, Marko"]
[Result "1-0"]
[WhiteElo "2274"]
[BlackElo "1921"]
[PlyCount "67"]
[EventDate "2017.08.25"]
[EventType "swiss"]
[EventRounds "9"]
[EventCountry "CRO"]
[SourceTitle "EXT 2018"]
[Source "ChessBase"]
[SourceDate "2017.10.13"]
[SourceVersion "1"]
[SourceVersionDate "2017.10.13"]
[SourceQuality "1"]

1. Nf3 Nf6 2. c4 g6 3. Nc3 Bg7 4. e4 d6 5. d4 0-0 6. h3 c6 7. Bf4 Nbd7 8. e5 dxe5 9. Nxe5 Nxe5 10. Bxe5 Be6 11. Qd2 Qa5 12. a3 c5 13. d5 Rfd8 14. Bd3 Bd7 15. 0-0 b5 16. Qf4 Rac8 17. b4 Qb6 18. cxb5 Nh5 19. Qh2 f6 20. Na4 Qb7 21. Nxc5 Qxd5 22. Bc7 Re8 23. Rad1 Bf5 24. Bxf5 Qxf5 25. g4 Qg5 26. Ne6 Qxb5 27. gxh5 Bh6 28. Bf4 Qxh5 29. Bxh6 Qxh6 30. Qg3 Qh5 31. Rfe1 Rc6 32. b5 Rxe6 33. Qb3 Qg5+ 34. Kf1 1-0

[Event "Hum na Sutli op 8th"]
[Site "Hum na Sutli"]
[Date "2014.08.31"]
[Round "4"]
[White "Samovojska, Damir"]
[Black "Kubale, Marko"]
[Result "1-0"]
[WhiteElo "2226"]
[BlackElo "1896"]
[PlyCount "89"]
[EventDate "2014.08.29"]
[EventType "swiss"]
[EventRounds "9"]
[EventCountry "CRO"]
[SourceTitle "CBM 162 Extra"]
[Source "ChessBase"]
[SourceDate "2014.10.17"]
[SourceVersion "1"]
[SourceVersionDate "2014.10.17"]
[SourceQuality "1"]

1. d4 d5 2. Nf3 Nf6 3. Bg5 e6 4. e3 h6 5. Bh4 Be7 6. Nbd2 Nbd7 7. Bd3 a6 8. Ne5 Nxe5 9. dxe5 Nd7 10. Bg3 Nc5 11. Be2 Bh4 12. c4 Bxg3 13. hxg3 dxc4 14. Nxc4 Qxd1+ 15. Rxd1 Bd7 16. b4 Ne4 17. Bf3 Nc3 18. Rd4 Rb8 19. Kd2 Nb5 20. Rg4 g6 21. Rgh4 Ke7 22. Kc2 Na7 23. Rxh6 Rhc8 24. Kb2 Bb5 25. Rc1 Nc6 26. Bxc6 Bxc6 27. f3 b6 28. Nd2 Ba4 29. Ka3 Bb5 30. Nb3 Ra8 31. Kb2 Ba4 32. Nd2 a5 33. a3 axb4 34. axb4 Bb5 35. Ne4 Bd3 36. Nf2 Bb5 37. Rh7 c5 38. Ne4 Bd3 39. Nd6 Rf8 40. bxc5 bxc5 41. Rxc5 Rfb8+ 42. Kc1 Rf8 43. Nxf7 Ke8 44. Nd6+ Kd8 45. Rcc7 1-0

[Event "Hum na Sutli op"]
[Site "Hum na Sutli"]
[Date "2010.11.27"]
[Round "8"]
[White "Matkun, Zeljko"]
[Black "Kubale, Marko"]
[Result "0-1"]
[WhiteElo "1979"]
[BlackElo "1916"]
[PlyCount "132"]
[EventDate "2010.11.20"]
[EventType "swiss"]
[EventRounds "9"]
[EventCountry "CRO"]
[SourceTitle "CBM 139 Extra"]
[Source "ChessBase"]
[SourceDate "2011.01.05"]
[SourceVersion "1"]
[SourceVersionDate "2011.01.05"]
[SourceQuality "1"]

1. e4 e6 2. d4 d5 3. e5 c5 4. dxc5 Nc6 5. Nf3 Bxc5 6. Bd3 Qc7 7. Qe2 Nge7 8. Nbd2 Bd7 9. Nb3 Bb6 10. 0-0 Ng6 11. Re1 Nb4 12. Bd2 Nxd3 13. cxd3 a5 14. Rec1 Qd8 15. Rc2 Ba4 16. Rc3 0-0 17. d4 Qe8 18. Rac1 Bb5 19. Qd1 Bc4 20. Ng5 f6 21. Nxh7 Kxh7 22. Qh5+ Kg8 23. Rh3 Kf7 24. Rg3 Ke7 25. exf6+ gxf6 26. Qxg6 Qxg6 27. Rxg6 Kf7 28. Rh6 Rh8 29. Rxh8 Rxh8 30. Nxa5 Ba6 31. Nb3 Bc4 32. Ba5 Ba7 33. Nd2 Ba6 34. Nf3 Re8 35. Bd2 Bb6 36. Be3 Ke7 37. a4 Be2 38. b4 Kd7 39. Nd2 Bc7 40. f3 Bd6 41. Kf2 Bd3 42. Rc3 Bg6 43. h3 b6 44. b5 Ra8 45. Rc6 Bc7 46. Rc3 Rxa4 47. Rb3 Ra2 48. Bh6 Bc2 49. Rc3 Ba4 50. Ke3 Bxb5 51. f4 Ba4 52. g4 Bd6 53. Nb3 Ra3 54. g5 fxg5 55. fxg5 Rxb3 56. Rxb3 Bxb3 57. g6 Ke8 58. Kd2 Bg3 59. Bg5 Kf8 60. Bf6 Bf4+ 61. Kc3 Bd1 62. Bd8 b5 63. Kb4 Be2 64. h4 Bd6+ 65. Kb3 Kg7 66. Bg5 Kxg6 0-1

[Event "SLO-chT2 Ost"]
[Site "Slovenia"]
[Date "2010.06.05"]
[Round "3"]
[White "Zajsek, Franc"]
[Black "Kubale, Marko"]
[Result "0-1"]
[WhiteElo "1848"]
[BlackElo "1916"]
[PlyCount "72"]
[EventDate "2010.05.29"]
[EventType "team-tourn"]
[EventRounds "9"]
[EventCountry "SLO"]
[SourceTitle "EXT 2022"]
[Source "ChessBase"]
[SourceDate "2021.10.06"]
[SourceVersion "1"]
[SourceVersionDate "2021.10.06"]
[SourceQuality "1"]

1. d4 Nf6 2. c4 e6 3. Nf3 c5 4. Nc3 cxd4 5. Nxd4 Bb4 6. Bd2 Nc6 7. e3 0-0 8. Nc2 Be7 9. a3 d5 10. Nb5 a6 11. Nbd4 Nxd4 12. Nxd4 e5 13. Nf3 Bg4 14. h3 Bxf3 15. gxf3 Qb6 16. b4 dxc4 17. Bc3 Qe6 18. Rc1 b5 19. e4 Rad8 20. Qc2 Nh5 21. Qb2 Bg5 22. Rd1 Rxd1+ 23. Kxd1 Rd8+ 24. Kc2 f6 25. h4 Bh6 26. Be2 Nf4 27. Kb1 Nxe2 28. Qxe2 Rd3 29. Kc2 Qd6 30. Rd1 Rxd1 31. Qxd1 Qxd1+ 32. Kxd1 Kf7 33. h5 Bf4 34. Bb2 g6 35. hxg6+ Kxg6 36. Ke2 h5 0-1